| 000 | 00352nam a2200145Ia 4500 | ||
|---|---|---|---|
| 008 | 230917s9999||||xx |||||||||||||| ||und|| | ||
| 040 |
_e74089 _aMAIN |
||
| 041 | _aEnglish | ||
| 082 | _a658.4 I1M | ||
| 100 | _aIvancevich, John M | ||
| 245 | 0 | _aManaging for performance | |
| 260 |
_aDallas _bBusiness _c1980 |
||
| 300 | _axviii, 563 p. | ||
| 942 | _cBK | ||
| 999 |
_c217339 _d217339 |
||